| 000 | 00422nam a22001217a 4500 | ||
|---|---|---|---|
| 082 | _a220 POR | ||
| 100 |
_aFauiqe Yousaf Basit Yaqoob Muhammad Aqib Yaseen Taimor Ali _971274 |
||
| 245 | _aPR-SOF-1448-DESIGN, DEVELOPMENT AND FABRICATION OF SURFBOARD USING COMPOSITE MATERIALS | ||
| 260 |
_aISLAMABAD _bNUST COLLEGE OF EME _c2015 |
||
| 650 |
_aDE-MECH-33 _971275 |
||
| 700 |
_aDr. Rizwan Saeed Choudhry _917295 |
||
| 942 | _cCR | ||
| 999 |
_c577884 _d577884 |
||